Administración de producción y operaciones / Norman Gaither y Greg Frazier (Registro nro. 19112)
[ vista simple ]
| 000 -LÍDER | |
|---|---|
| fixed length control field | 00476nam a2200157 4500 |
| 008 - ELEMENTOS DE LONGITUD FIJA -- INFORMACIÓN GENERAL | |
| fixed length control field | 0 2000 0a 000 0MEX |
| 020 ## - NÚMERO INTERNACIONAL NORMALIZADO PARA LIBROS | |
| ISBN | 970-686-031-2 |
| 050 ## - SIGNATURA TOPOGRAFICA DE LA BIBLIOTECA DEL CONGRESO (LC) | |
| Número de Clasificación | TS155 G1718 2000 |
| 082 ## - NUMERO DE CLASIFICACION DECIMAL DEWEY | |
| Número de Clasificación | 658.5 G144a |
| 100 ## - ASIENTO PRINCIPAL--NOMBRE PERSONAL | |
| Nombre personal | Gaither, Norman. |
| 245 ## - TÍTULO | |
| Título | Administración de producción y operaciones / Norman Gaither y Greg Frazier |
| 250 ## - MENCIÓN DE EDICIÓN | |
| Mención de edición | 8a. ed |
| 260 ## - PUBLICACIÓN, DISTRIBUCIÓN, ETC. (PIE DE IMPRENTA) | |
| Lugar de publicación, distribución, etc. | México : Thomson |
| 300 ## - DESCRIPCIÓN FÍSICA | |
| Extensión | xvi, 846 p. / 27 cm. |
| 650 ## - ASIENTO SECUNDARIO DE MATERIA - TERMINO TEMÁTICO | |
| Término temático o nombre geográfico como elemento de entrada | 1. ADMINISTRACION DE LA PRODUCCION |
| No. biblioteca | No. biblioteca | Número de clasificación | Código de barras/Número de adquisición | Número de copia | Tipo de material |
|---|---|---|---|---|---|
| LUIS G. INCLAN | LUIS G. INCLAN | 658.5 G144a | 46015 | 1 | Libros |
| LUIS G. INCLAN | LUIS G. INCLAN | 658.5 G144a | 46603 | 2 | Libros |
| LUIS G. INCLAN | LUIS G. INCLAN | 658.5 G144a | 47775 | 3 | Libros |
| LUIS G. INCLAN | LUIS G. INCLAN | 658.5 G144a | 49118 | 4 | Libros |
